MARC

LEADER 00000nam0a2200000 4500
001 353808
005 20231102010629.0
035 |a (RuTPU)RU\TPU\retro\11066 
090 |a 353808 
100 |a 20200602d1972 km y0rusy50 ca 
101 0 |a rus 
102 |a RU 
105 |a a z 001zy 
200 1 |a Вибрационные конвейеры для транспортирования горячих материалов  |f А. Г. Тропман, Н. И. Бельков, Ю. Н. Макеева 
210 |a Москва  |c Машиностроение  |d 1972 
215 |a 120 с.  |c ил. 
320 |a Библиогр.: с. 108-109 
606 1 |a Конвейеры вибрационные  |2 stltpush  |3 (RuTPU)RU\TPU\subj\39647  |9 59627 
610 1 |a горячие материалы 
610 1 |a транспортирование 
610 1 |a механика 
610 1 |a движение 
610 1 |a вибрирующие поверхности 
610 1 |a конструктивные схемы 
610 1 |a унификация 
610 1 |a эксплуатация 
675 |a 621.867.5  |v 4 
700 1 |a Тропман  |b А. Г.  |g Александр Георгиевич 
701 1 |a Бельков  |b Н. И.  |g Николай Иннокентьевич 
701 1 |a Макеева  |b Ю. Н.  |g Юлия Николаевна 
801 1 |a RU  |b 63413507  |c 20200602 
801 2 |a RU  |b 63413507  |c 20201201  |g RCR 
942 |c BK